Spôsoby skončenia pracovného pomeru

Spôsoby skončenia pracovného pomeru sú upravené v ustanovení paragr. 59 Zákonníka práce. Skončenie pracovného pomeru na dobu určitú. Skončenie pracovného pomeru dohodou, výpoveďou, okamžitým skončením, skončením v skúšobnej dobe.

Salvato in:
Dettagli Bibliografici
Autore principale: Kaveschánová, Silvia
Natura: Capitolo di libro
Lingua:slovacco
Soggetti:
Tags: Aggiungi Tag
Nessun Tag, puoi essere il primo ad aggiungerne!!

MARC

LEADER 00000naa$a2200000$$$4500
001 0056346
005 20240502071635.6
041 0 |a slo 
044 |a SK 
245 1 0 |a Spôsoby skončenia pracovného pomeru  |c Silvia Kaveschánová 
520 |a Spôsoby skončenia pracovného pomeru sú upravené v ustanovení paragr. 59 Zákonníka práce. Skončenie pracovného pomeru na dobu určitú. Skončenie pracovného pomeru dohodou, výpoveďou, okamžitým skončením, skončením v skúšobnej dobe. 
610 2 0 |a pomer pracovný 
610 2 0 |a pomer pracovný na dobu určitú 
610 2 0 |a skončenie pomeru pracovného 
610 2 0 |a výpoveď 
610 2 0 |a odstupné 
610 2 0 |a dohody o činnosti pracovnej 
610 2 0 |a zákony 
610 2 0 |a zákonník práce 
100 1 |a Kaveschánová, Silvia